Zgadnij Youtubera po nazwie jego piosenki - Statystyki

Ogólne statystyki
  • Ten quiz został rozwiązany 1 382 razy
  • Średni wynik to 19 z 46
Statystyki odpowiedzi
Piosenka Youtuber % Poprawnych
przejmujemy youtube Ekipa Wip Bros
96%
Znowu Mam Bana Blowek
77%
Zostań Moją Kotką DISCO MAREK
77%
Masno fest Isamu Boxdel
75%
plecak Young Multi
75%
Eluwina Kacper Blonsky
71%
D jak Dycha Isamu Boxdel
70%
Bombsite A Gimpson Mamiko
69%
Crusher Kacper Blonsky
69%
Finał 365 Mini Majk Poczciwy Krzychu
66%
$iano Hajs Wip Bros
62%
Tsunami Vito Bella
55%
nie wiem Young Multi
53%
Kukurydza DISCO MAREK
52%
Best Life Stuu Lexy
51%
Niepowstrzymany Gimpson
50%
Sia la la Wip Bros
47%
Pięć Promili Kamerzysta
46%
Typowy Trap ZeboPL
44%
Amadeusz Ferrari (DISS) Adrian Polak
42%
Piękna i Bestia Kamerzysta
42%
O co ci chodzi? Czuux
40%
Diss Na Szkołe Narcyz
40%
diamenty Young Multi Bedoes
39%
Diss na Klaudusiek ZeboPl
39%
Afirmacja Kamerzysta
36%
Troja Czuux
33%
Remiza DISCO MAREK
33%
Mój przyjaciel grubas 2 Gimpson Kolega Ignacy
33%
Disco Diss na Disco Marka Wip Bros
31%
Gold Digger Adrian Polak
30%
Fenix Lil Masti
30%
Diss Ewel0na Esmeralda Godlewska
28%
Diss Esmeralda Godlewska Ewel0na
27%
Techno Polo Isamu Boxdel
26%
Pizza Dezy Kubson
19%
Dziękuję Boxdel
17%
Żyją netem Medusa
17%
Candy Dream Czuux
16%
Underdog Dawid Malczyński
16%
Rozkosz Wojtek Gola
14%
Gwiazdy Malczyńscy
13%
Uczony Błędem Medusa
13%
Cała Sala Nasza Dawid Malczyński Isamu
12%
Neon Malczyńscy
12%
Złota Fala Lil Masti
10%
Nie znaleziono quizów pasujących do podanych kryteriów
Rozkład punktacji
Procent ludzi z każdym wynikiem
Percentyl według liczby udzielonych odpowiedzi
Twoja historia wyników
Nie rozwiązałeś tego quizu